000 00561nam a2200193Ia 4500
005 20250508161442.0
008 008 250505s9999 xx 000 0 eng d
037 _aTextual
040 _aFEDL
_beng
_cFEDL
041 _aeng
_2eng
084 _a300.7, BRA
_qFEDL
100 _aBramwell R. D.
245 0 _aYour sphere and mind: A fourth book of social studies
260 _aEdinburgh
_bE. J. Arnold and Son Ltd.
300 _a255p
650 _aSocial Science - Teaching
_9756799
942 _cTEXL
_h300.7, BRA
999 _c1370046
_d1370046